Top 10 Richest People by Category - Statistics

General Stats
  • This quiz has been taken 42 times
  • The average score is 11 of 60
Answer Stats
Top 10 Overall Networth($B) % Correct
Elon Musk $304.3 B
92%
Bill Gates $138.6 B
85%
Bill Gates $138.6 B
85%
Jeff Bezos $201.5 B
79%
Jeff Bezos $201.5 B
79%
Jack Ma $40.9 B
59%
Warren Buffett $104.9 B
56%
Warren Buffett $104.9 B
56%
Mark Zuckerberg $121.1 B
49%
Mark Zuckerberg $121.1 B
49%
Larry Page $127.0 B
36%
Larry Page $127.0 B
36%
Alice Walton $67.9 B
31%
Sergey Brin $122.4 B
31%
Sergey Brin $122.4 B
31%
Bernard Arnault & Family $197.2 B
28%
Larry Ellison $129.9 B
26%
Larry Ellison $129.9 B
26%
Abigail Johnson $26.8 B
15%
Abigail Johnson $26.8 B
15%
Julia Koch & Family $53.2 B
13%
Jerry Jones $10.7 B
10%
Steve Ballmer $106.0 B
10%
Steve Ballmer $106.0 B
10%
Jacqueline Mars $31.6 B
8%
Robert Kraft $8.3 B
8%
François Bettencourt Meyers & Family $93.6 B
5%
Ma Huateng $46.2 B
5%
Wang Wei $27.0 B
5%
William Lei Ding $32.3 B
5%
Collin Zheng Huang $29.3 B
3%
Denise York & Family $4.0 B
3%
Jin Simons $24.4 B
3%
Ken Griffin $21.1 B
3%
MacKenzie Scott $58.7 B
3%
MacKenzie Scott $58.4 B
3%
Michael Dell $59.4 B
3%
Mirriam Adelson $29.7 B
3%
Stanley Kroenke $10.7 B
3%
Arthur Blank $7.7 B
0%
Arturo Moreno $3.6 B
0%
Daniel Gilbert $30.6 B
0%
Dan Synder $4.0 B
0%
Gayle Benson $3.8 B
0%
Gina Rineheart $22.9 B
0%
He Xiangjian $31.9 B
0%
Huang Shilin $26.7 B
0%
Janice McNair $4.2 B
0%
Ray Dalio $20.0 B
0%
Robert Budi Hartono $22.0 B
0%
Sam Bankman-Fried $26.5 B
0%
Stephen Bisciotti $5.8 B
0%
Stephen Schwarzman $40.5 B
0%
Sussane Klaten $29.7 B
0%
Thomas Peterffy $22.4 B
0%
Wei Jianjun & Family $31.2 B
0%
Yang Huiyan & Family $25.2 B
0%
Zhang Yiming $59.4 B
0%
Zhang Yiming $59.4 B
0%
Zhong Shanshan $66.5 B
0%
No matching quizzes found
Score Distribution
Percent of People with Each Score
Percentile by Number Answered
Your Score History
You have not taken this quiz